[Event "TIPC 2017"]
[Site "Roux, Belgium"]
[Date "2017.07.30"]
[Round "2.14"]
[White "Dgebuadze, Alexandre"]
[Black "Koelmans, Jan Willem"]
[Result "1-0"]
[BlackElo "1916"]
[WhiteElo "2524"]
[LiveChessVersion "1.4.8"]

1. e4 c5 2. Ne2 d6 3. g3 Nf6 4. Bg2 g6 5. c3 Bg7 6. d4 O-O 7. O-O Nbd7 8. h3 Rb8
9. a4 b6 10. Na3 Bb7 11. d5 a6 12. Be3 Bc8 13. c4 Ne8 14. Qd2 Nc7 15. Nc3 Ne5 16.
Bh6 Bxh6 17. Qxh6 f6 18. Qe3 Bb7 19. f4 Nf7 20. Rab1 Bc8 21. b4 Bd7 22. Nc2 Qe8
23. a5 Ba4 24. Na1 cxb4 25. Rxb4 1-0

[Event "TIPC 2017"]
[Site "Roux, Belgium"]
[Date "2017.07.30"]
[Round "2.15"]
[White "Mokal, Amruta Sunil"]
[Black "Sagar, Shah"]
[Result "0-1"]
[BlackElo "2391"]
[WhiteElo "2041"]
[LiveChessVersion "1.4.8"]

1. e4 c6 2. d4 d5 3. e5 Bf5 4. c4 e6 5. Nc3 Ne7 6. Be3 dxc4 7. Bxc4 Nd7 8. Nf3
Nb6 9. Bd3 Nbd5 10. O-O Bxd3 11. Qxd3 Nf5 12. Ne4 h6 13. Rac1 Be7 14. a3 O-O 15.
Nfd2 Rc8 16. Nc4 b5 17. Ncd2 c5 18. Nf3 c4 19. Qe2 a5 20. Bd2 Qb6 21. Be3 b4 22.
axb4 axb4 23. g4 Nfxe3 24. fxe3 c3 25. bxc3 Nxc3 26. Nxc3 Rxc3 27. Rxc3 bxc3 28.
Qd3 Qc6 29. Ne1 Rb8 30. e4 Rb2 31. Nc2 Qa4 32. Rf2 Bh4 33. Re2 Rb3 34. Kg2 Bg5
35. Kh3 Qb5 36. Qxb5 Rxb5 37. Ne3 Bxe3 38. Rxe3 c2 39. Rc3 Rb3 40. Rxb3 c1=Q 0-1

[Event "TIPC 2017"]
[Site "Roux, Belgium"]
[Date "2017.07.31"]
[Round "3.1"]
[White "Kveinys, Aloyzas"]
[Black "Eden, James"]
[Result "0-1"]
[BlackElo "2361"]
[WhiteElo "2542"]
[LiveChessVersion "1.4.8"]

1. d4 d5 2. c4 c6 3. Nc3 Nf6 4. e3 a6 5. Qc2 g6 6. Bd3 Bg7 7. Nf3 O-O 8. O-O Bg4
9. Ne5 Be6 10. c5 Nbd7 11. f4 Nxe5 12. fxe5 Ng4 13. Ne2 Nh6 14. Nf4 Bf5 15. Bxf5
Nxf5 16. g4 Nh6 17. h3 Qd7 18. Bd2 f6 19. e6 Qc8 20. e4 g5 21. Nxd5 cxd5 22. exd5
Qc7 23. Kg2 b6 24. Qc4 Kh8 25. Rac1 f5 26. Bxg5 fxg4 27. d6 exd6 28. Rxf8+ Rxf8
29. e7 gxh3+ 30. Kh1 Re8 31. c6 d5 32. Qxd5 Ng4 33. Rc2 Qg3 34. Qe4 Nf2+ 35. Rxf2
Qxf2 36. d5 Bd4 37. Be3 Qe1+ 38. Kh2 Qxe3 0-1

[Event "TIPC 2017"]
[Site "Roux, Belgium"]
[Date "2017.07.31"]
[Round "3.2"]
[White "Inkiov, Ventzislav"]
[Black "Verstraeten, Rein"]
[Result "1-0"]
[BlackElo "2316"]
[WhiteElo "2459"]
[LiveChessVersion "1.4.8"]

1. d4 Nf6 2. c4 g6 3. Nc3 Bg7 4. Nf3 O-O 5. Bg5 d6 6. e3 c5 7. Be2 h6 8. Bh4 cxd4
9. Nxd4 Nc6 10. O-O Bd7 11. Qd2 Rc8 12. Rfd1 Nxd4 13. exd4 Be6 14. b3 d5 15. Bxf6
Bxf6 16. c5 Bg7 17. Bf3 Qd7 18. Rac1 Rfd8 19. h3 f6 20. b4 h5 21. Qe2 Bf7 22. Re1
Re8 23. Qc2 b6 24. Be2 Red8 25. Bb5 Qc7 26. Ba6 1-0

[Event "TIPC 2017"]
[Site "Roux, Belgium"]
[Date "2017.07.31"]
[Round "3.3"]
[White "Hamblok, Roel"]
[Black "Sochacki, Christophe"]
[Result "0-1"]
[BlackElo "2451"]
[WhiteElo "2305"]
[LiveChessVersion "1.4.8"]

1. d4 d5 2. Bf4 c5 3. e3 Nc6 4. c3 Nf6 5. Nd2 Bf5 6. Ngf3 Qb6 7. Qb3 c4 8. Qxb6
axb6 9. a3 e6 10. Be2 h6 11. O-O b5 12. Rac1 Nd7 13. Bd1 Bd3 14. Re1 f5 15. Nh4
Ne7 16. Bd6 g5 17. Bxe7 Bxe7 18. Ng6 Rg8 19. Nxe7 Kxe7 20. Be2 Bxe2 21. Rxe2 e5
22. dxe5 Nxe5 23. Nf3 Nd3 24. Rd1 Ke6 25. Red2 Rgd8 26. Nd4+ Ke5 27. Nxb5 Ra6 28.
b4 f4 29. exf4+ gxf4 30. Kf1 f3 31. g3 d4 32. cxd4+ Rxd4 33. a4 Rxa4 34. Nxd4
Kxd4 35. g4 Rxb4 36. h4 Rb6 37. g5 hxg5 38. hxg5 Rb5 39. g6 Rh5 40. Kg1 b5 0-1

[Event "TIPC 2017"]
[Site "Roux, Belgium"]
[Date "2017.07.31"]
[Round "3.4"]
[White "Miezis, Normunds"]
[Black "Tomov, Georgi"]
[Result "1-0"]
[BlackElo "2273"]
[WhiteElo "2447"]
[LiveChessVersion "1.4.8"]

1. c4 e6 2. e4 d5 3. exd5 exd5 4. d4 Nf6 5. Nc3 Bb4 6. Bd3 O-O 7. Nge2 dxc4 8.
Bxc4 Nc6 9. O-O Bd6 10. f3 h6 11. Be3 Ne7 12. Bf2 Be6 13. Bxe6 fxe6 14. Qb3 Qd7
15. Ne4 Nxe4 16. fxe4 c6 17. Bg3 Bxg3 18. Qxg3 Rad8 19. Rad1 Qd6 20. Rxf8+ Kxf8
21. Nf4 g5 22. e5 Qd7 23. Nh5 Nf5 24. Qc3 Nxd4 25. Rf1+ Nf5 26. g4 Qd4+ 27. Qxd4
Rxd4 28. gxf5 exf5 29. Rxf5+ Ke7 30. Ng7 b5 31. Rf6 Rd1+ 32. Kf2 Rd2+ 33. Ke3
Rxb2 34. Nf5+ Ke8 35. e6 1-0

[Event "TIPC 2017"]
[Site "Roux, Belgium"]
[Date "2017.07.31"]
[Round "3.5"]
[White "Geenen, Marc"]
[Black "Godart, François"]
[Result "1/2-1/2"]
[BlackElo "2411"]
[WhiteElo "2258"]
[LiveChessVersion "1.4.8"]

1. e4 e6 2. d4 d5 3. Nd2 h6 4. Ngf3 Nf6 5. Bd3 c5 6. exd5 exd5 7. dxc5 Bxc5 8.
Nb3 Bd6 9. O-O O-O 10. Be3 Nc6 11. Bc5 Bg4 12. Be2 Re8 13. Bxd6 Qxd6 14. h3 Bh5
15. Re1 Re4 16. Nfd2 Rxe2 17. Rxe2 Bxe2 18. Qxe2 Re8 19. Qf1 Qf4 20. Re1 Rxe1
1/2-1/2

[Event "TIPC 2017"]
[Site "Roux, Belgium"]
[Date "2017.07.31"]
[Round "3.6"]
[White "Hautot, Stéphane"]
[Black "Gharamian, Tigran"]
[Result "0-1"]
[BlackElo "2616"]
[WhiteElo "2379"]
[LiveChessVersion "1.4.8"]

1. d4 Nf6 2. Nf3 d5 3. g3 g6 4. Bg2 Bg7 5. O-O O-O 6. c4 dxc4 7. Ne5 Nc6 8. Nxc6
bxc6 9. Bxc6 Bh3 10. Re1 Rb8 11. Nc3 Ng4 12. d5 Ne5 13. Ba4 Rb6 14. f3 Qb8 15.
Qd2 Rd6 16. Qe3 c6 17. Rd1 Rfd8 18. Qc5 cxd5 19. Rxd5 Rxd5 20. Nxd5 Rxd5 21. Qxd5
Qb6+ 22. e3 Qb4 23. Qd8+ Bf8 24. Qd1 Nxf3+ 25. Kf2 Ne5 26. Bc2 Qb7 27. e4 Ng4+
28. Ke2 Qb6 29. Qe1 Nxh2 30. Be3 Qxb2 31. Rc1 Qf6 32. Qf2 Bg4+ 33. Ke1 Qc3+ 0-1

[Event "TIPC 2017"]
[Site "Roux, Belgium"]
[Date "2017.07.31"]
[Round "3.7"]
[White "Bauduin, Etienne"]
[Black "Dgebuadze, Alexandre"]
[Result "0-1"]
[BlackElo "2524"]
[WhiteElo "2179"]
[LiveChessVersion "1.4.8"]

1. Nf3 Nf6 2. c4 e6 3. g3 a6 4. Bg2 b5 5. b3 c5 6. O-O Bb7 7. Bb2 Be7 8. Nc3 Qa5
9. d3 O-O 10. e3 d6 11. Nh4 Bxg2 12. Kxg2 Nc6 13. f4 Rad8 14. Qf3 Nb4 15. Rad1 d5
16. a3 Nc2 17. Rc1 Nxe3+ 18. Qxe3 d4 19. Qd2 dxc3 20. Bxc3 b4 21. axb4 cxb4 22.
Bb2 Ne4 23. Qc2 Nd6 24. Nf3 Nf5 25. Rfe1 Bc5 26. Qd2 Qb6 27. Ra1 Rd6 28. g4 Nd4
29. Nxd4 Bxd4 30. Bxd4 Rxd4 31. Rf1 Rfd8 32. Rf3 h6 33. h3 Qc6 34. Rd1 a5 35. Kg3
Qc7 36. Kg2 f6 37. Qe3 Qc6 38. Kg3 R8d6 39. Rd2 Qd7 40. Kf2 a4 41. bxa4 Rxc4 42.
dxc4 Rxd2+ 43. Kg3 Ra2 44. Qc5 Rxa4 45. Rb3 Kh7 46. Qb5 Qxb5 47. cxb5 Ra3 48.
Rxa3 bxa3 49. b6 a2 50. b7 a1=Q 51. b8=Q Qg1+ 52. Kf3 Qh2 53. Qb1+ f5 54. Qf1 g5
55. fxg5 hxg5 56. Ke3 Qe5+ 57. Kd2 Qb2+ 58. Ke3 f4+ 59. Kf3 Qc3+ 60. Kg2 Qg3+ 61.
Kh1 Kh6 0-1

[Event "TIPC 2017"]
[Site "Roux, Belgium"]
[Date "2017.07.31"]
[Round "3.8"]
[White "Sagar, Shah"]
[Black "Sclacmender, Julien"]
[Result "1/2-1/2"]
[BlackElo "2261"]
[WhiteElo "2391"]
[LiveChessVersion "1.4.8"]

1. Nf3 Nf6 2. c4 c5 3. b3 g6 4. Bb2 Bg7 5. g3 b6 6. Bg2 Bb7 7. O-O O-O 8. Nc3 Ne4
9. d4 Nxc3 10. Bxc3 cxd4 11. Bxd4 Nc6 12. Bxg7 Kxg7 13. Ne5 Nxe5 14. Bxb7 Rb8 15.
Bg2 Qc7 16. Qd2 d6 17. h3 Rbc8 18. Kh2 Qc5 19. Rad1 Qa3 20. Qd4 Kg8 21. Rd2 Rc7
22. Qh4 Qa5 23. Rfd1 Re8 24. Bd5 Nd7 25. Qf4 Nf6 26. Bf3 Kg7 27. g4 h6 28. Qd4
Qg5 29. Bg2 Qh4 30. Kg1 h5 31. gxh5 Qxd4 32. Rxd4 Nxh5 33. e3 Nf6 1/2-1/2

[Event "TIPC 2017"]
[Site "Roux, Belgium"]
[Date "2017.07.31"]
[Round "3.9"]
[White "Van Mechelen, Jan"]
[Black "Kukov, Velislav"]
[Result "1/2-1/2"]
[BlackElo "2386"]
[WhiteElo "2247"]
[LiveChessVersion "1.4.8"]

1. d4 f5 2. Nc3 Nf6 3. Bg5 d5 4. Bxf6 exf6 5. e3 c6 6. Bd3 Bd6 7. Qf3 g6 8. Nge2
Be6 9. h3 O-O 10. Nf4 Qe7 11. Nxe6 Qxe6 12. O-O-O Na6 13. g4 Nb4 1/2-1/2

[Event "TIPC 2017"]
[Site "Roux, Belgium"]
[Date "2017.07.31"]
[Round "3.10"]
[White "Capone, Nicola"]
[Black "Réal, Thibault"]
[Result "1-0"]
[BlackElo "2178"]
[WhiteElo "2329"]
[LiveChessVersion "1.4.8"]

1. d4 Nf6 2. c4 e6 3. Nc3 Bb4 4. e3 O-O 5. Bd3 d5 6. cxd5 exd5 7. Nge2 b6 8. O-O
Re8 9. Bd2 Bb7 10. Rc1 Bf8 11. f3 c5 12. Qe1 Nc6 13. Qh4 Be7 14. Qf2 Nb4 15. Bb1
Ba6 16. Rfd1 Nd3 17. Bxd3 Bxd3 18. Nf4 Ba6 19. dxc5 Bxc5 20. b4 Bxb4 21. Ncxd5
Bxd2 22. Rxd2 Nxd5 23. Nxd5 Rc8 24. Rcd1 Qg5 25. e4 Kf8 26. Ne3 Rcd8 27. Rxd8
Rxd8 28. Rxd8+ Qxd8 29. Qb2 Qd3 30. Kf2 Qb5 31. Qa3+ Kg8 32. Qe7 g6 33. Qd8+ Kg7
34. Qd4+ Kg8 35. Ng4 Qc5 36. Qxc5 bxc5 37. Nf6+ Kg7 38. e5 c4 39. Ne4 Kf8 40. Ke3
Ke7 41. Kd4 Bb7 42. Nf6 Ke6 43. Nxh7 c3 44. Kxc3 Kxe5 45. Ng5 Bd5 46. a3 f6 47.
Nh3 g5 48. Nf2 Bb7 49. Ng4+ Ke6 50. Kd4 f5 51. Ne3 f4 52. Nf1 Kf5 53. Nd2 g4 54.
h4 g3 55. h5 Kg5 56. Ke5 Bc8 57. h6 Bf5 58. Ne4+ Bxe4 59. Kxe4 1-0

[Event "TIPC 2017"]
[Site "Roux, Belgium"]
[Date "2017.07.31"]
[Round "3.11"]
[White "Henris, Luc"]
[Black "Fontaine, Quentin"]
[Result "1-0"]
[BlackElo "2329"]
[WhiteElo "2127"]
[LiveChessVersion "1.4.8"]

1. e4 c5 2. d4 cxd4 3. c3 dxc3 4. Nxc3 Nc6 5. Nf3 e6 6. Bc4 a6 7. O-O b5 8. Bb3
Nge7 9. Bg5 f6 10. Be3 Ng6 11. Nd4 Bb7 12. Nxc6 Bxc6 13. f4 Bb4 14. f5 Ne5 15.
Qh5+ g6 16. fxg6 Nxg6 17. Nd5 exd5 18. exd5 Bb7 19. d6 Bxd6 20. Bd4 Be7 21. Rae1
d5 22. Rxf6 Qd7 23. Rxg6 O-O-O 24. Rge6 Rhe8 25. Qe2 Bb4 26. Rxe8 Bxe1 27. Rxd8+
1-0

[Event "TIPC 2017"]
[Site "Roux, Belgium"]
[Date "2017.07.31"]
[Round "3.12"]
[White "Van Houtte, Thierry"]
[Black "Le Quang, Kim"]
[Result "0-1"]
[BlackElo "2279"]
[WhiteElo "2079"]
[LiveChessVersion "1.4.8"]

1. Nf3 Nf6 2. g3 g6 3. Bg2 Bg7 4. O-O O-O 5. d4 d6 6. Re1 Nbd7 7. e4 e5 8. Nc3 c6
9. a4 Qc7 10. h3 Re8 11. Be3 b6 12. Qd2 Bb7 13. Rad1 a6 14. dxe5 dxe5 15. Qd6
Qxd6 16. Rxd6 Bf8 17. Rd2 b5 18. Red1 Nc5 19. Bxc5 Bxc5 20. Ne1 Bf8 21. f3 Bc5+
22. Kh2 Kf8 23. Bf1 Ke7 24. Nd3 Bd4 25. Ra1 Red8 26. Rdd1 Nd7 27. Ne2 Be3 28. h4
f6 29. Nc3 Nf8 30. Re1 Bd4 31. Ne2 Bb6 32. Red1 Ne6 33. c3 Rd6 34. axb5 axb5 35.
Rxa8 Bxa8 36. Kg2 Bb7 37. Nf2 Nc5 38. Rxd6 Kxd6 39. Nc1 Na4 40. Nd1 Bc8 41. Bd3
Be6 42. Kf1 f5 43. Ke2 Nc5 44. Nf2 Bd8 45. h5 Nxd3 46. Ncxd3 gxh5 47. exf5 Bxf5
48. Ne4+ Bxe4 49. fxe4 c5 50. b3 c4 51. bxc4 bxc4 52. Nb4 Kc5 53. Nd5 Kb5 54. Ne3
Bg5 55. Nd5 h4 56. gxh4 Bxh4 57. Kf3 h5 58. Ne3 Bf6 0-1

[Event "TIPC 2017"]
[Site "Roux, Belgium"]
[Date "2017.07.31"]
[Round "3.13"]
[White "Barbier, Wim"]
[Black "Mastalerz, Xavier"]
[Result "1/2-1/2"]
[BlackElo "2252"]
[WhiteElo "2107"]
[LiveChessVersion "1.4.8"]

1. c4 e5 2. g3 Nf6 3. Bg2 Nc6 4. Nc3 Bc5 5. e3 d5 6. cxd5 Nb4 7. a3 Nd3+ 8. Kf1
O-O 9. Na4 Be7 10. Qc2 Nxc1 11. Rxc1 Nxd5 12. Nf3 Bd6 13. h4 Nf6 14. Nc3 c6 15.
d4 exd4 16. Nxd4 Be5 17. Rd1 Qc7 18. Ne4 h6 19. Nxf6+ Bxf6 20. Nf3 Qb6 21. g4 Rd8
22. g5 1/2-1/2

[Event "TIPC 2017"]
[Site "Roux, Belgium"]
[Date "2017.07.31"]
[Round "3.14"]
[White "Israel, Grégory"]
[Black "Herman, Jean"]
[Result "1/2-1/2"]
[BlackElo "2239"]
[WhiteElo "2043"]
[LiveChessVersion "1.4.8"]

1. d4 d5 2. Bf4 Nf6 3. e3 c5 4. c3 Nc6 5. Bd3 Qb6 6. Qb3 c4 7. Qxb6 axb6 8. Bc2
e6 9. Nd2 b5 10. Ne2 b4 11. O-O Nh5 12. Bg5 h6 13. Bh4 g5 14. Bg3 Nxg3 15. hxg3
f5 16. f3 Bd6 17. e4 O-O 18. e5 Be7 19. Kf2 Bd7 20. Rh1 Kg7 21. Rh2 Rh8 22. g4
fxg4 23. fxg4 Be8 24. Rhh1 Bg6 25. Bxg6 Kxg6 26. Nf3 Ra5 27. Rh5 Rha8 28. Rah1
Bf8 29. Nc1 bxc3 30. bxc3 Ra3 31. R1h3 R8a6 32. Ng1 Rb6 33. Rf3 Bg7 34. Nge2 Rb2
35. Ke1 Na7 36. Rh1 Nc6 37. Rhf1 Nd8 38. R1f2 Ra6 39. Nf4+ gxf4 40. Rxb2 h5 41.
Rxf4 Bh6 42. Rf6+ Kg7 43. Ne2 Bg5 44. Nf4 Bxf6 45. Nxh5+ Kg6 46. Nxf6 Kg5 47. g3
Ra8 48. Rh2 Nf7 49. Rb2 Nd8 50. Rc2 Ra3 1/2-1/2

[Event "TIPC 2017"]
[Site "Roux, Belgium"]
[Date "2017.07.31"]
[Round "3.15"]
[White "Vesin, Jean-Robert"]
[Black "Mitran, Anthony Cristian"]
[Result "1-0"]
[BlackElo "2114"]
[WhiteElo "2237"]
[LiveChessVersion "1.4.8"]

1. e4 e5 2. Nf3 Nc6 3. Bc4 Bc5 4. c3 Nf6 5. d3 a6 6. Bb3 O-O 7. Nbd2 h6 8. O-O d6
9. Re1 b5 10. Nf1 Ba7 11. Ng3 Ne7 12. h3 Kh8 13. d4 exd4 14. cxd4 Ng6 15. a4 Be6
16. Be3 Bb6 17. Bxe6 fxe6 18. Qd3 Qe8 19. e5 Nd5 20. exd6 cxd6 21. axb5 Ngf4 22.
Bxf4 Nxf4 23. Qa3 axb5 24. Qxd6 Rxa1 25. Rxa1 Qd8 26. Qa3 Rf7 27. Qe3 Qd5 28. Kh2
Kh7 29. Rc1 Ng6 30. Ne4 Bc7+ 31. g3 Bd8 32. Rc5 Qd7 33. Qd3 Be7 34. Ne5 Qe8 35.
Ng5+ hxg5 36. Qxg6+ Kg8 37. Qxe6 1-0

[Event "TIPC 2017"]
[Site "Roux, Belgium"]
[Date "2017.07.31"]
[Round "4.1"]
[White "Eden, James"]
[Black "Inkiov, Ventzislav"]
[Result "1/2-1/2"]
[BlackElo "2459"]
[WhiteElo "2361"]
[LiveChessVersion "1.4.8"]

1. b3 Nf6 2. Bb2 e6 3. e3 d5 4. f4 Be7 5. Nf3 O-O 6. Be2 c5 7. O-O b6 8. Ne5 Bb7
9. d3 Nc6 10. Nxc6 Bxc6 11. Bf3 Rc8 12. Nd2 b5 13. Qe2 Qb6 14. Kh1 Rfd8 15. c4
Qb7 16. Rac1 a6 17. Rfd1 dxc4 18. dxc4 Bxf3 19. Qxf3 Qxf3 20. gxf3 Rd3 21. Nf1
bxc4 22. bxc4 Rcd8 23. Rxd3 Rxd3 24. Rc3 Rxc3 25. Bxc3 Nd7 26. Kg2 f5 27. Kf2 Kf7
28. Nd2 h6 29. Nb3 g5 30. fxg5 hxg5 31. h3 e5 1/2-1/2

[Event "TIPC 2017"]
[Site "Roux, Belgium"]
[Date "2017.07.31"]
[Round "4.2"]
[White "Sochacki, Christophe"]
[Black "Miezis, Normunds"]
[Result "1-0"]
[BlackElo "2447"]
[WhiteElo "2451"]
[LiveChessVersion "1.4.8"]

1. b3 e5 2. Bb2 d6 3. e3 Nf6 4. c4 g6 5. d4 exd4 6. exd4 Qe7+ 7. Be2 Bg4 8. h3
Bxe2 9. Nxe2 Bg7 10. O-O O-O 11. Re1 Re8 12. Nbc3 Nbd7 13. Qd2 Nf8 14. d5 Qd7 15.
Ng3 h6 16. Nce4 Nxe4 17. Nxe4 Bxb2 18. Qxb2 Nh7 19. Re2 Re7 20. Rae1 Rae8 21. Qd2
h5 22. Qh6 a6 23. Re3 Qd8 24. f4 Qd7 25. Kh2 h4 26. R1e2 c6 27. Re1 cxd5 28. cxd5
b5 29. Qxh4 Qb7 30. f5 Re5 31. Qh6 Qe7 32. fxg6 fxg6 33. Qxg6+ Kh8 34. Nxd6 1-0

[Event "TIPC 2017"]
[Site "Roux, Belgium"]
[Date "2017.07.31"]
[Round "4.4"]
[White "Dgebuadze, Alexandre"]
[Black "Geenen, Marc"]
[Result "1-0"]
[BlackElo "2258"]
[WhiteElo "2524"]
[LiveChessVersion "1.4.8"]

1. e4 e5 2. Bc4 Nc6 3. d3 Nf6 4. Nc3 Na5 5. a3 Nxc4 6. dxc4 d6 7. Nge2 Be6 8. Qd3
c6 9. b3 Be7 10. Bg5 Qb6 11. O-O Rd8 12. Ng3 Qd4 13. h3 Qxd3 14. cxd3 O-O 15. Nh5
Rfe8 16. Bxf6 Bxf6 17. Nxf6+ gxf6 18. f4 Kf8 19. Rad1 Ke7 20. d4 exd4 21. Rxd4 a6
22. a4 a5 23. Kf2 h5 24. f5 Bc8 25. h4 b6 26. Rfd1 Rd7 27. R4d3 Rg8 28. g3 Rg4
29. Kf3 1-0

[Event "TIPC 2017"]
[Site "Roux, Belgium"]
[Date "2017.07.31"]
[Round "4.5"]
[White "Sclacmender, Julien"]
[Black "Kveinys, Aloyzas"]
[Result "0-1"]
[BlackElo "2542"]
[WhiteElo "2261"]
[LiveChessVersion "1.4.8"]

1. e4 c5 2. Nf3 Nc6 3. Bb5 g6 4. O-O Bg7 5. Bxc6 dxc6 6. h3 Nf6 7. d3 Nd7 8. Nc3
e5 9. Be3 Qe7 10. Qd2 Nf8 11. Bh6 f6 12. Bxg7 Qxg7 13. Nh2 g5 14. Ne2 Ng6 15. Qe3
Qe7 16. c3 Nf4 17. Rfd1 Be6 18. d4 cxd4 19. cxd4 Nxe2+ 20. Qxe2 exd4 21. Rxd4 O-O
22. Ng4 Rad8 23. Rxd8 Rxd8 24. Rd1 Kg7 25. Ne3 Rd7 26. a3 c5 27. Qc2 b6 28. Rxd7
Qxd7 29. Kf1 Qd4 30. Ke2 h5 31. f3 h4 32. Qd2 Qxd2+ 33. Kxd2 Kf7 34. Nd1 Bb3 35.
Nc3 Ke6 36. Ke3 Ke5 37. Nb1 Be6 38. Nd2 f5 39. exf5 Bxf5 40. Nc4+ Kd5 41. Nd2 b5
42. f4 g4 43. hxg4 Bxg4 44. Ne4 Bf5 45. Ng5 Kc4 46. Kd2 Bg4 47. Kc2 Kd4 48. Kd2
a5 49. f5 Ke5 50. f6 Kxf6 51. Ne4+ Ke5 52. Nxc5 Kf4 53. Ke1 Ke3 54. Nb7 a4 55.
Nd6 Bd7 56. Nf7 Bc6 57. Nd6 Bxg2 58. Nf5+ Kd3 59. Nxh4 Be4 60. Kd1 Kc4 61. Kc1
Kb3 62. Nf3 Bxf3 63. Kb1 Be4+ 64. Ka1 Kc2 65. Ka2 Bd5+ 66. Ka1 Kc1 0-1

[Event "TIPC 2017"]
[Site "Roux, Belgium"]
[Date "2017.07.31"]
[Round "4.6"]
[White "Navrotescu, Andreea-Christiana"]
[Black "Sagar, Shah"]
[Result "0-1"]
[BlackElo "2391"]
[WhiteElo "2207"]
[LiveChessVersion "1.4.8"]

1. d4 Nf6 2. Nf3 e6 3. e3 c5 4. Bd3 d5 5. O-O Nc6 6. b3 Bd6 7. Bb2 O-O 8. Ne5
cxd4 9. exd4 Qc7 10. Nxc6 bxc6 11. h3 e5 12. dxe5 Bxe5 13. Bxe5 Qxe5 14. Nd2 c5
15. Nf3 Qd6 16. c3 a5 17. Qc2 Qf4 18. Qd2 Qxd2 19. Nxd2 Be6 20. a3 Rfd8 21. Rfd1
d4 22. cxd4 Rxd4 23. Bc2 Rb8 24. Nf3 Rxd1+ 25. Rxd1 g6 26. Nd2 Kf8 27. Kf1 Ke7
28. Rc1 Kd6 29. Bd1 h5 30. Nc4+ Bxc4+ 31. Rxc4 Nd5 32. Ke2 Nb6 33. Rf4 f5 34. h4
Ke5 35. g3 Rd8 36. Rf3 Nd5 37. Bc2 Rd6 38. Bd3 a4 39. bxa4 Kd4 40. Bc2 c4 41. Kd2
Re6 42. Bd1 Rb6 43. Kc2 c3 44. a5 Rb2+ 45. Kc1 Kc4 46. a6 Ra2 47. Kb1 Rxa3 48.
Be2+ Kc5 49. Bd3 Kd4 50. Be2 Ke4 51. Kc1 Ra1+ 52. Kc2 Ra2+ 53. Kd1 Rd2+ 54. Ke1
Rd4 55. a7 Ra4 56. Rd3 Rxa7 57. f3+ Ke5 58. Bd1 Ra3 59. f4+ Ke4 60. Bc2 Ne3 61.
Rxc3+ Nxc2+ 62. Rxc2 Rxg3 63. Kf2 Rf3+ 64. Kg2 Rxf4 0-1

[Event "TIPC 2017"]
[Site "Roux, Belgium"]
[Date "2017.07.31"]
[Round "4.8"]
[White "Schuermans, Robert"]
[Black "Capone, Nicola"]
[Result "0-1"]
[BlackElo "2329"]
[WhiteElo "2172"]
[LiveChessVersion "1.4.8"]

1. e4 c5 2. Nf3 d6 3. d4 cxd4 4. Nxd4 Nf6 5. Nc3 a6 6. Bg5 Nbd7 7. f4 Qc7 8. Qf3
b5 9. e5 Bb7 10. exd6 Qb6 11. Qd3 e6 12. O-O-O b4 13. Na4 Qxd6 14. Qh3 Bd5 15.
Be2 Be7 16. Rhe1 O-O 17. Bd3 g6 18. f5 e5 19. Nf3 Qc6 20. b3 e4 21. Nd4 Qc7 22.
fxg6 fxg6 23. Ne6 Qe5 24. Bc4 Bxc4 25. bxc4 Kf7 26. Bxf6 Nxf6 27. Nd4 Rad8 28.
Nb3 Kg8 29. Qe3 Ng4 30. Qe2 Rxd1+ 31. Qxd1 Bg5+ 32. Kb1 Nf6 33. g3 e3 34. Nb6 Ne4
35. Qd5+ Qxd5 36. Nxd5 Nd2+ 37. Kb2 Nxc4+ 38. Kb1 a5 39. c3 Rd8 40. Nf4 Bxf4 41.
gxf4 a4 42. Nd4 bxc3 43. Ne2 Na3+ 44. Kc1 Rd2 45. f5 Rxa2 0-1

[Event "TIPC 2017"]
[Site "Roux, Belgium"]
[Date "2017.07.31"]
[Round "4.9"]
[White "Verstraeten, Rein"]
[Black "Van Mechelen, Jan"]
[Result "1/2-1/2"]
[BlackElo "2247"]
[WhiteElo "2316"]
[LiveChessVersion "1.4.8"]

1. d4 Nf6 2. c4 e6 3. Nc3 Bb4 4. e3 b6 5. Nge2 Ba6 6. a3 Bxc3+ 7. Nxc3 d5 8. b3
Nc6 9. Be2 Na5 10. O-O O-O 11. a4 c6 12. Rb1 Qc8 13. Ba3 Re8 14. Bd6 dxc4 15. b4
Nb3 16. Be5 Nd5 17. Ne4 Rd8 18. Nd6 Rxd6 19. Bxd6 Nc3 20. Qc2 Nxb1 21. Rxb1 Qd7
22. Bf4 b5 23. a5 Bb7 24. Rd1 Rd8 25. f3 Qe7 26. Qc3 f6 27. e4 Bc8 28. Be3 e5 29.
Bxc4+ bxc4 30. Qxc4+ Be6 31. d5 cxd5 32. exd5 Nd4 33. dxe6 Nxf3+ 34. gxf3 Rxd1+
35. Kg2 f5 36. Kh3 h6 37. Bc5 1/2-1/2

[Event "TIPC 2017"]
[Site "Roux, Belgium"]
[Date "2017.07.31"]
[Round "4.10"]
[White "Lacroix, Bruno"]
[Black "Hamblok, Roel"]
[Result "0-1"]
[BlackElo "2305"]
[WhiteElo "2150"]
[LiveChessVersion "1.4.8"]

1. d4 f5 2. Nc3 d5 3. Bf4 a6 4. e3 Nf6 5. Nf3 e6 6. Bd3 c5 7. O-O Nc6 8. a3 c4 9.
Be2 b5 10. Ne5 Bb7 11. b3 Nxe5 12. Bxe5 Be7 13. a4 Qa5 14. Na2 O-O 15. Qe1 Qd8
16. bxc4 bxc4 17. Rb1 Bc6 18. a5 Ba4 19. Bxf6 Rxf6 20. Qc3 Bd6 21. Nc1 Rb8 22.
Na2 Rf7 23. Qa1 0-1

[Event "TIPC 2017"]
[Site "Roux, Belgium"]
[Date "2017.07.31"]
[Round "4.11"]
[White "Le Quang, Kim"]
[Black "Henris, Luc"]
[Result "1/2-1/2"]
[BlackElo "2127"]
[WhiteElo "2279"]
[LiveChessVersion "1.4.8"]

1. e4 e5 2. Nf3 d6 3. Bc4 Nf6 4. d3 Be7 5. Nbd2 Nbd7 6. Nf1 c6 7. Ng3 b5 8. Bb3
Nc5 9. O-O a5 10. c3 Nxb3 11. axb3 Bd7 12. d4 Qb8 13. h3 O-O 14. Bg5 Be6 15. Nh4
Bd8 16. dxe5 dxe5 17. Qf3 Nd7 18. Bxd8 Qxd8 19. Nhf5 Bxf5 20. exf5 Qc7 21. Ne4 f6
22. Rfd1 Rfd8 23. Rd6 Nf8 24. Rad1 Rxd6 25. Rxd6 Rd8 26. Qd1 Rd7 27. c4 Rxd6 28.
Nxd6 h6 29. cxb5 cxb5 30. Nxb5 Qd7 31. Nd6 Qc6 32. Nc4 a4 33. Ne3 axb3 34. Qxb3+
Kh7 35. Qf7 Nd7 36. Nd5 Nb6 37. Qg8+ Kxg8 38. Ne7+ Kf7 39. Nxc6 1/2-1/2

[Event "TIPC 2017"]
[Site "Roux, Belgium"]
[Date "2017.07.31"]
[Round "4.12"]
[White "Tomov, Georgi"]
[Black "Timmermans, Daniel"]
[Result "1-0"]
[BlackElo "1928"]
[WhiteElo "2273"]
[LiveChessVersion "1.4.8"]

1. e4 g6 2. d4 Bg7 3. Nf3 d6 4. Bc4 Nf6 5. Qe2 Nbd7 6. e5 dxe5 7. dxe5 Ng4 8.
Bxf7+ Kf8 9. O-O c6 10. Rd1 Qc7 11. e6 Nde5 12. Bf4 Bf6 13. h3 Nxf3+ 14. Qxf3 Be5
15. Bxe5 Nxe5 16. Qf4 Kg7 17. Re1 Rd8 18. Nc3 Qb8 19. Rxe5 b6 20. Rae1 Bb7 21. h4
c5 22. h5 Rd4 23. Ne4 Bxe4 24. R1xe4 Rd1+ 25. Kh2 Qd6 26. Bxg6 Rf8 27. h6+ 1-0

[Event "TIPC 2017"]
[Site "Roux, Belgium"]
[Date "2017.07.31"]
[Round "4.13"]
[White "Dauw, Sterre"]
[Black "Hautot, Stéphane"]
[Result "0-1"]
[BlackElo "2379"]
[WhiteElo "1846"]
[LiveChessVersion "1.4.8"]

1. e4 d6 2. d4 Nf6 3. Nc3 Nbd7 4. Be2 e5 5. Nf3 Be7 6. O-O O-O 7. Re1 c6 8. Bf1
Re8 9. b3 Qc7 10. Bb2 Bf8 11. Qd3 b5 12. a4 b4 13. Nb1 a5 14. Nbd2 h6 15. c4 Ba6
16. h3 Rad8 17. Nh4 g6 18. Qc2 exd4 19. Bxd4 Bg7 20. Nhf3 Bb7 21. Re3 c5 22. Bb2
Nxe4 23. Rae1 Bxb2 24. Qxb2 Nef6 25. Rxe8+ Rxe8 26. Rxe8+ Nxe8 27. Bd3 Ndf6 28.
Qc2 Qe7 29. Kf1 Ng7 30. Kg1 Nf5 31. g3 Ng7 32. Kf1 Ne6 33. Qb1 Ng5 34. Nxg5 hxg5
35. Kg1 Qd7 36. Ne4 Bxe4 37. Bxe4 Qxh3 38. Bxg6 Ng4 39. Bxf7+ Kxf7 40. Qf5+ Ke7
41. Qxg5+ Nf6 42. Qg7+ Ke6 43. Qf8 Qh7 44. Qc8+ Ke5 45. Qd8 Qb1+ 46. Kg2 Qxb3 47.
f4+ Kf5 48. g4+ Kxg4 49. Qxf6 Qc2+ 0-1